000 00556nam a2200205 a 4500
001 0001-2219
003 ELIB.Books
008 190803 2010 eng
020 _a0787955817
092 _a301.6
_bMikes, Delos.
100 _aKestner, Prudence Bowman.
245 _aThe Conflict Resolution Training Program
260 _aA Wiley Company
_bJossey-Bass
_c2002
300 _a160
_c27.5cm
856 _nKBTS Library
_uKBTS Elib
942 _2ddc
_cBK
990 _a1
998 _aEnglishbooks.elf
_ccat
_e2019-08-03
999 _c12219
_d12219